Norwich City Players And Their Transfers #1 - Statistics

General Stats
  • This quiz has been taken 17 times
  • The average score is 25 of 50
Answer Stats
Answer % Correct
Leicester City
100%
Aston Villa
93%
Celtic
86%
Leeds United
86%
Rangers
86%
Swansea City
86%
Burnley
79%
Coventry City
79%
Stoke City
79%
Wolverhampton Wanderers
79%
Middlesbrough
71%
Southampton
71%
West Ham United
71%
Birmingham City
64%
Bristol City
64%
Cardiff City
64%
Heart of Midlothian
64%
Manchester City
57%
West Bromwich Albion
57%
Blackburn Rovers
50%
Blackpool
50%
Derby County
50%
Hibernian
50%
Sheffield Wednesday
50%
Crewe Alexandra
43%
Everton
43%
Hull City
43%
Milton Keynes Dons
43%
Minnesota United
43%
Tottenham Hotspur
43%
Charlton Athletic
36%
Crystal Palace
36%
Getafe
36%
Peterborough United
36%
Sporting Lisbon
36%
VfL Wolfsburg
36%
Wigan Athletic
36%
Brighton & Hove Albion
29%
Huddersfield Town
29%
San Jose Earthquakes
29%
Scunthorpe United
29%
Shrewsbury Town
29%
Brøndby
21%
Hamilton Academical
21%
Hannover 96
21%
Hartlepool United
21%
Śląsk Wrocław
21%
Walsall
21%
ADO Den Haag
14%
Vitesse
14%
No matching quizzes found
Score Distribution
Percent of People with Each Score
Percentile by Number Answered
Your Score History
You have not taken this quiz